000 00442nam a2200169 a 4500
001 7128
003 CO-ViMGA
008 141112s2004 ck r 000 u spa d
040 _aCO-ViMGA
_bspa
_cCO-ViMGA
082 0 4 _a352.0072 Q845
100 1 _aQuintana Roldán, Carlos Francisco
_96232
245 1 0 _aDerecho municipal
260 _aMexico :
_bPorrúa,
_c1995
300 _a654 p : il
650 1 4 _aMUNICIPIOS - LEGISLACION
942 _2ddc
_cBK
999 _c19093
_d19093